Sports Quiz

Random Sports or Country Quiz

All time majors won Quiz Stats

 Plays Quiz not verified by Sporcle

Score 0/20 Timer 05:00
0 Plays Today
Country Player % Correct
United StatesTiger Woods
100%
United StatesJack Nicklaus
94.8%
United StatesArnold Palmer
87.9%
South AfricaGary Player
84.5%
United StatesTom Watson
60.3%
United StatesBobby Jones
58.6%
EnglandNick Faldo
56.9%
United StatesBen Hogan
53.4%
United StatesSam Snead
51.7%
United StatesLee Trevino
46.6%
Country Player % Correct
SpainSteve Ballesteros
46.6%
United SatesWalter Hagen
39.7%
United StatesByron Nelson
36.2%
United StatesGene Sarazen
20.7%
JerseyHarry Vardon
12.1%
AustraliaPeter Thomson
10.3%
EnglandJohn Henry Taylor
6.9%
5.2%
5.2%
ScotlandJames Bird
3.4%

You're not logged in!

Compare scores with friends on all Sporcle quizzes.
Join for Free
OR
Log In

You Might Also Like...

Show Comments

Extras

Top Quizzes Today


Score Distribution

Your Account Isn't Verified!

In order to create a playlist on Sporcle, you need to verify the email address you used during registration. Go to your Sporcle Settings to finish the process.

Report this User

Report this user for behavior that violates our Community Guidelines.

Details: